Η ενέργεια στην εκπαίδευση Δημήτρης Αρ. Κολιόπουλος.

Αποθηκεύτηκε σε:
Λεπτομέρειες βιβλιογραφικής εγγραφής
Κύριος συγγραφέας: Κολιόπουλος, Δημήτριος
Μορφή: Βιβλίο
Γλώσσα:Greek
Δημοσίευση: Αθήνα : Ίων, 2014.
Θέματα:
Ετικέτες: Προσθήκη ετικέτας
Δεν υπάρχουν, Καταχωρήστε ετικέτα πρώτοι!

MARC

LEADER 00000nam a2200000 a 4500
001 1/119000
008 190603s2014####gr | ||| |||| ||gre||
020 |a 9789605081348 
040 |a GR-MyUa  |b gre  |c GR-MyUa  |e AACR2 
041 0 |a gre 
082 7 |a 507.10495   |2 (23) 
100 1 |a Κολιόπουλος, Δημήτριος. 
245 1 0 |a Η ενέργεια στην εκπαίδευση /   |b Δημήτρης Αρ. Κολιόπουλος. 
260 |a Αθήνα :   |b Ίων,   |c 2014. 
300 |a 208 σ. :   |b εικ. ;   |c 24 εκ.  
504 |a Βιβλιογραφία: σ. 201-208.  
650 0 |a Physical sciences  |x Study and teaching. 
650 0 |a Power resources  |x Study and teaching. 
650 0 |a Physics  |x Study and teaching. 
852 |a INST  |b RHODES  |c EUDOXUS  |e 20190603  |h 507.10495 ΚΟΛ  |p 005400040854  |q 005400040854  |t EDX  |y 0 
920 |a Εύδοξος  |b Παραγγελία  |y Ρόδος-ΠΤΔΕ  |z 2019-05 
970 |a Κόζα  |b Μαρία  |z 03/06/2019